000 00596nam a2200229 a 4500
001 nice12345678
003 IN_TiNIC
005 20260116013825.0
008 050524s1988 newa grp 000 0 eng
020 _a0819160
_c67.5
082 0 0 _a297.4
_bSHA2
100 _aShahmaghsoudi, Maghsoud Sadegh
245 _aManifestations of Thought
260 _aNew York
_bUniversity Press of Americ
_c1988
300 _a126p
500 _aincludes index and biblioraphy
505 2 _aIndex
700 1 _aShahmaghsoudi, Maghsoud Sadegh
902 _bSRS
942 _cBK
999 _c12678
_d12678